<?xml version="1.0" encoding="UTF-8"?>
<record
    xmlns:xsi="http://www.w3.org/2001/XMLSchema-instance"
    xsi:schemaLocation="http://www.loc.gov/MARC21/slim http://www.loc.gov/standards/marcxml/schema/MARC21slim.xsd"
    xmlns="http://www.loc.gov/MARC21/slim">

  <leader>00868caa a22002417a 4500</leader>
  <datafield tag="999" ind1=" " ind2=" ">
    <subfield code="c">407656</subfield>
    <subfield code="d">407656</subfield>
  </datafield>
  <controlfield tag="001"> 121536 </controlfield>
  <controlfield tag="003">UA-OsUOA</controlfield>
  <controlfield tag="005">20191217183403.0</controlfield>
  <controlfield tag="007">ta</controlfield>
  <controlfield tag="008">20170322b un ||||| |||| 00| 0 ukr d</controlfield>
  <datafield tag="040" ind1=" " ind2=" ">
    <subfield code="a">UA-OsUOA</subfield>
    <subfield code="b">ukr</subfield>
    <subfield code="c">UA-OsUOA</subfield>
    <subfield code="d">UA-OsUOA</subfield>
  </datafield>
  <datafield tag="041" ind1=" " ind2=" ">
    <subfield code="a">ukr</subfield>
  </datafield>
  <datafield tag="080" ind1=" " ind2=" ">
    <subfield code="a">908</subfield>
  </datafield>
  <datafield tag="090" ind1=" " ind2=" ">
    <subfield code="a">908</subfield>
    <subfield code="b">&#x425;17</subfield>
  </datafield>
  <datafield tag="100" ind1=" " ind2=" ">
    <subfield code="a">&#x425;&#x430;&#x43B;&#x435;&#x446;&#x44C;&#x43A;&#x430; &#x41E;.&#x41E;.</subfield>
  </datafield>
  <datafield tag="245" ind1=" " ind2=" ">
    <subfield code="a">&#x41A;&#x440;&#x438;&#x432;&#x438;&#x43D;&#x441;&#x44C;&#x43A;&#x430; &#x442;&#x440;&#x430;&#x433;&#x435;&#x434;&#x456;&#x44F;</subfield>
    <subfield code="c">&#x41E;. &#x41E;. &#x425;&#x430;&#x43B;&#x435;&#x446;&#x44C;&#x43A;&#x430; </subfield>
  </datafield>
  <datafield tag="300" ind1=" " ind2=" ">
    <subfield code="a">&#x421;. 73&#x2013;75</subfield>
  </datafield>
  <datafield tag="650" ind1=" " ind2="7">
    <subfield code="a">908 &#x41A;&#x440;&#x430;&#x454;&#x437;&#x43D;&#x430;&#x432;&#x441;&#x442;&#x432;&#x43E;</subfield>
    <subfield code="2">UDC</subfield>
  </datafield>
  <datafield tag="773" ind1="0" ind2=" ">
    <subfield code="0">331092</subfield>
    <subfield code="9">355489</subfield>
    <subfield code="d">&#x41E;&#x441;&#x442;&#x440;&#x43E;&#x433; 1992</subfield>
    <subfield code="o">104078</subfield>
    <subfield code="t">&#x41C;&#x430;&#x442;&#x435;&#x440;&#x456;&#x430;&#x43B;&#x438; &#x406; - &#x406;&#x406;&#x406; &#x43D;&#x430;&#x443;&#x43A;&#x43E;&#x432;&#x43E;-&#x43A;&#x440;&#x430;&#x454;&#x437;&#x43D;&#x430;&#x432;&#x447;&#x438;&#x445; &#x43A;&#x43E;&#x43D;&#x444;&#x435;&#x440;&#x435;&#x43D;&#x446;&#x456;&#x439; "&#x41E;&#x441;&#x442;&#x440;&#x456;&#x433; &#x43D;&#x430; &#x43F;&#x43E;&#x440;&#x43E;&#x437;&#x456; 900-&#x440;&#x456;&#x447;&#x447;&#x44F;" (1990 - 1992 &#x440;&#x440;.)</subfield>
    <subfield code="w">(UA-OsUOA) 44979 </subfield>
  </datafield>
  <datafield tag="942" ind1=" " ind2=" ">
    <subfield code="c">BKA</subfield>
    <subfield code="2">udc</subfield>
  </datafield>
  <datafield tag="955" ind1=" " ind2=" ">
    <subfield code="a">1</subfield>
  </datafield>
</record>
